Statistics for MARVEL characters

Click here to take the quiz!

General Stats

  • This quiz has been taken 29 times
  • The average score is 49 of 80

Answer Stats

Alter egoSecret Identity% Correct
Tony StarkIron Man
100%
Scott LangAnt-Man
96%
Natasha RomanofBlack Widow
96%
Stephen VIncent StrangeDoctor Strange
96%
Clint BartonHawkeye
96%
Bruce BannerHulk
96%
Peter ParkerSpider-Man
96%
T'ChallaBlack Panther
92%
Steve RogersCaptain America
92%
Carol DenversCaptain Marvel
92%
GamoraGamora
92%
GrootGroot
92%
Loki LaufeysonLoki
92%
MantisMantis
92%
Rocket RacconRocket
92%
Wanda MaximofScarlet Witch
92%
VisionVision
92%
Rhodey RhodesWar Machine
92%
Bucky BarnersWinter Soldier
92%
Wade Winston WilsonDeadpool
88%
Norman OsbornGreen Goblin
88%
Pietro MaximofQuick Silver
88%
Peter QuillStar Lord
88%
Eddie BrockVenom
88%
Otto Gunther OctaviusDoctor Octopus
84%
Sam WilsonFalcon
84%
Jean GreyPhoenix
84%
Charles XavierProfessor X
84%
James Logan HowlettWolverine
84%
Matt MurdockDaredevil
80%
Michael MorbiusMorbius
80%
Johnny StormHuman Torch
76%
Yondu UdontaYondu
76%
Victor Von DoomDoctor Doom
72%
Susan StormInvisible Woman
72%
Reed RichardsMister Fantastic
72%
Ben GrimmThe Thing
72%
Scott SummerCyclops
68%
Namor The Sub-MarinerNamor
68%
Ororo MunroeStorm
68%
Quentin BeckMysterio
64%
Helmut ZemoZemo
64%
Hank McCoyBeast
60%
Max DillonElectro
60%
Curt ConnorsLizard
60%
Cletus Cortland KasadyCarnage
56%
Raven DarkhölmeMystique
56%
Crazy TitanThanos
56%
Peter Nikolaievitch RasputinColossus
52%
Erik LehnsherrMagneto
52%
Pepper PottsRescue
52%
Anna MarieRogue
52%
Obadiah StaneIron Monger
48%
Wilson Grant FiskKingpin
48%
Donald BlakeThor
48%
Adrian ToomesVulture
48%
Norrin RaddSilver Surfer
44%
Emil BlonskyAbomination
40%
Johann SchmidtRed Skull
40%
Peggy CarterCaptain Carter
36%
N'Jadaka/Erik StevensKillmonger
36%
Aleksei SytsevichRhino
36%
Felicia Sara HardyBlack Cat
32%
En Sabah NurApocalypse
28%
Ava StarrGhost
28%
Trevor SlatteryMandarin
28%
Anton VankoWhiplash
28%
Darren CrossYellowjacket
28%
Arthur Sampson DouglasDrax
24%
Mac GarganScorpion
24%
Dmitri SmerdyakovChameleon
20%
Ned LeedsHobgoblin
20%
William BakerSandman
20%
Patrick MulliganToxin
20%
Cain MarkoJuggernaut
16%
Trevor ColeRiot
16%
GalanGalactus
12%
Hobie BrownProwler
12%
Tony MastersTaskmaster
12%
Jane FosterGoddess of Thunder
8%

Score Distribution

Percentile by Number Answered

Percent of People with Each Score

Your Score History

You have not taken this quiz